000 00353nam a22001457a 4500
999 _c8881
_d8881
003 OSt
008 200713b ||||| |||| 00| 0 eng d
100 _aGokhale , S.B
245 _aText Book of Pharmacognosy and Phytochemistry-1
250 _a2nd,2019
260 _aNew Delhi
_bNirali
300 _aMisc
650 _aPharmacognosy
942 _2ddc
_cBK
_06